<?xml version="1.0" encoding="UTF-8"?>
<record
    xmlns:xsi="http://www.w3.org/2001/XMLSchema-instance"
    xsi:schemaLocation="http://www.loc.gov/MARC21/slim http://www.loc.gov/standards/marcxml/schema/MARC21slim.xsd"
    xmlns="http://www.loc.gov/MARC21/slim">

  <leader>00825nam a22001577a 4500</leader>
  <controlfield tag="003">OSt</controlfield>
  <controlfield tag="005">20151024141620.0</controlfield>
  <controlfield tag="008">151024b        xxu||||| |||| 00| 0 eng d</controlfield>
  <datafield tag="040" ind1=" " ind2=" ">
    <subfield code="c">RUA</subfield>
  </datafield>
  <datafield tag="082" ind1=" " ind2=" ">
    <subfield code="a">AVM VON 2012 B102 Or.1</subfield>
  </datafield>
  <datafield tag="100" ind1=" " ind2=" ">
    <subfield code="9">2787</subfield>
    <subfield code="a">VONG, PISEY.</subfield>
  </datafield>
  <datafield tag="245" ind1=" " ind2=" ">
    <subfield code="a">Raising dairy cattle of farmers in the cambodian dairy cattle association in koh krobey village sangkat prek thmey khan meanchey phnom penh, &#x1780;&#x17B6;&#x179A;&#x1785;&#x17B7;&#x1789;&#x17D2;&#x1785;&#x17B9;&#x1798;&#x1782;&#x17C4;&#x1791;&#x17B9;&#x1780;&#x178A;&#x17C4;&#x17C7;&#x179A;&#x1794;&#x179F;&#x17CB;&#x1780;&#x179F;&#x17B7;&#x1780;&#x179A; &#x1793;&#x17C5;&#x179F;&#x1798;&#x17B6;&#x1782;&#x1798;&#x1793;&#x17CD;&#x1782;&#x17C4;&#x1791;&#x17B9;&#x1780;&#x178A;&#x17C4;&#x17C7;&#x1780;&#x1798;&#x17D2;&#x1796;&#x17BB;&#x1787;&#x17B6;&#x1793;&#x17C5;&#x1797;&#x17BC;&#x1798;&#x17B7; &#x1780;&#x17C4;&#x17C7;&#x1780;&#x17D2;&#x179A;&#x1794;&#x17B8; &#x179F;&#x1784;&#x17D2;&#x1780;&#x17B6;&#x178F;&#x17CB;&#x1796;&#x17D2;&#x179A;&#x17C2;&#x1780;&#x1790;&#x17D2;&#x1798;&#x17B8; &#x1781;&#x178E;&#x17D2;&#x178C;&#x1798;&#x17B6;&#x1793;&#x1787;&#x17D0;&#x1799; &#x179A;&#x17B6;&#x1787;&#x1792;&#x17B6;&#x1793;&#x17B8;&#x1797;&#x17D2;&#x1793;&#x17C6;&#x1796;&#x17C1;&#x1789;</subfield>
  </datafield>
  <datafield tag="260" ind1=" " ind2=" ">
    <subfield code="a">Phnom Penh</subfield>
    <subfield code="b">RUA</subfield>
    <subfield code="c">2012</subfield>
  </datafield>
  <datafield tag="300" ind1=" " ind2=" ">
    <subfield code="a">xii; 63p.</subfield>
    <subfield code="b">ill.</subfield>
    <subfield code="c">29cm.</subfield>
  </datafield>
  <datafield tag="942" ind1=" " ind2=" ">
    <subfield code="2">ddc</subfield>
    <subfield code="c">AVM</subfield>
  </datafield>
  <datafield tag="999" ind1=" " ind2=" ">
    <subfield code="c">2607</subfield>
    <subfield code="d">2607</subfield>
  </datafield>
  <datafield tag="952" ind1=" " ind2=" ">
    <subfield code="0">0</subfield>
    <subfield code="1">0</subfield>
    <subfield code="2">ddc</subfield>
    <subfield code="4">0</subfield>
    <subfield code="6">AVM_VON_2012_000000000000000_B102_OR_1</subfield>
    <subfield code="7">0</subfield>
    <subfield code="9">12127</subfield>
    <subfield code="a">LBB</subfield>
    <subfield code="b">LBB</subfield>
    <subfield code="c">B102</subfield>
    <subfield code="d">2015-10-24</subfield>
    <subfield code="l">3</subfield>
    <subfield code="o">AVM VON 2012 B102 Or.1</subfield>
    <subfield code="p">RUA018573</subfield>
    <subfield code="r">2017-01-13</subfield>
    <subfield code="s">2016-12-27</subfield>
    <subfield code="w">2015-10-24</subfield>
    <subfield code="y">AVM</subfield>
  </datafield>
  <datafield tag="952" ind1=" " ind2=" ">
    <subfield code="0">0</subfield>
    <subfield code="1">0</subfield>
    <subfield code="2">ddc</subfield>
    <subfield code="4">0</subfield>
    <subfield code="6">AVM_VON_2012_000000000000000_B102_OR_2</subfield>
    <subfield code="7">0</subfield>
    <subfield code="9">12128</subfield>
    <subfield code="a">LBB</subfield>
    <subfield code="b">LBB</subfield>
    <subfield code="c">B102</subfield>
    <subfield code="d">2015-10-24</subfield>
    <subfield code="l">1</subfield>
    <subfield code="o">AVM VON 2012 B102 Or.2</subfield>
    <subfield code="p">RUA011191</subfield>
    <subfield code="r">2024-05-27</subfield>
    <subfield code="s">2024-04-23</subfield>
    <subfield code="w">2015-10-24</subfield>
    <subfield code="y">AVM</subfield>
  </datafield>
  <datafield tag="952" ind1=" " ind2=" ">
    <subfield code="0">0</subfield>
    <subfield code="1">0</subfield>
    <subfield code="2">ddc</subfield>
    <subfield code="4">0</subfield>
    <subfield code="6">AVM_VON_2012_000000000000000_B102_OR_3</subfield>
    <subfield code="7">0</subfield>
    <subfield code="9">12129</subfield>
    <subfield code="a">LBB</subfield>
    <subfield code="b">LBB</subfield>
    <subfield code="c">B102</subfield>
    <subfield code="d">2015-10-24</subfield>
    <subfield code="l">3</subfield>
    <subfield code="m">2</subfield>
    <subfield code="o">AVM VON 2012 B102 Or.3</subfield>
    <subfield code="p">RUA020033</subfield>
    <subfield code="r">2016-09-26</subfield>
    <subfield code="s">2016-09-18</subfield>
    <subfield code="w">2015-10-24</subfield>
    <subfield code="y">AVM</subfield>
  </datafield>
  <datafield tag="952" ind1=" " ind2=" ">
    <subfield code="0">0</subfield>
    <subfield code="1">0</subfield>
    <subfield code="2">ddc</subfield>
    <subfield code="4">0</subfield>
    <subfield code="6">AVM_VON_2012_000000000000000_B102_OR_4</subfield>
    <subfield code="7">0</subfield>
    <subfield code="9">12130</subfield>
    <subfield code="a">LBB</subfield>
    <subfield code="b">LBB</subfield>
    <subfield code="c">B102</subfield>
    <subfield code="d">2015-10-24</subfield>
    <subfield code="o">AVM VON 2012 B102 Or.4</subfield>
    <subfield code="p">RUA009174</subfield>
    <subfield code="r">2015-10-24</subfield>
    <subfield code="w">2015-10-24</subfield>
    <subfield code="y">AVM</subfield>
  </datafield>
  <datafield tag="952" ind1=" " ind2=" ">
    <subfield code="0">0</subfield>
    <subfield code="1">0</subfield>
    <subfield code="2">ddc</subfield>
    <subfield code="4">0</subfield>
    <subfield code="6">AVM_VON_2012_000000000000000_B102_OR_5</subfield>
    <subfield code="7">0</subfield>
    <subfield code="9">12131</subfield>
    <subfield code="a">LBB</subfield>
    <subfield code="b">LBB</subfield>
    <subfield code="c">B102</subfield>
    <subfield code="d">2015-10-24</subfield>
    <subfield code="l">8</subfield>
    <subfield code="o">AVM VON 2012 B102 Or.5</subfield>
    <subfield code="p">RUA009027</subfield>
    <subfield code="r">2025-02-05</subfield>
    <subfield code="s">2025-01-06</subfield>
    <subfield code="w">2015-10-24</subfield>
    <subfield code="y">AVM</subfield>
  </datafield>
  <datafield tag="952" ind1=" " ind2=" ">
    <subfield code="0">0</subfield>
    <subfield code="1">0</subfield>
    <subfield code="2">ddc</subfield>
    <subfield code="4">0</subfield>
    <subfield code="6">AVM_VON_2012_000000000000000_B102_OR_6</subfield>
    <subfield code="7">0</subfield>
    <subfield code="9">12132</subfield>
    <subfield code="a">LBB</subfield>
    <subfield code="b">LBB</subfield>
    <subfield code="c">B102</subfield>
    <subfield code="d">2015-10-24</subfield>
    <subfield code="o">AVM VON 2012 B102 Or.6</subfield>
    <subfield code="p">RUA020022</subfield>
    <subfield code="r">2015-10-24</subfield>
    <subfield code="w">2015-10-24</subfield>
    <subfield code="y">AVM</subfield>
  </datafield>
  <datafield tag="952" ind1=" " ind2=" ">
    <subfield code="0">0</subfield>
    <subfield code="1">0</subfield>
    <subfield code="2">ddc</subfield>
    <subfield code="4">0</subfield>
    <subfield code="6">AVM_VON_2012_000000000000000_B102_OR_7</subfield>
    <subfield code="7">0</subfield>
    <subfield code="9">12133</subfield>
    <subfield code="a">LBB</subfield>
    <subfield code="b">LBB</subfield>
    <subfield code="c">B102</subfield>
    <subfield code="d">2015-10-24</subfield>
    <subfield code="l">4</subfield>
    <subfield code="o">AVM VON 2012 B102 Or.7</subfield>
    <subfield code="p">RUA016519</subfield>
    <subfield code="r">2024-05-27</subfield>
    <subfield code="s">2024-04-23</subfield>
    <subfield code="w">2015-10-24</subfield>
    <subfield code="x">A05745</subfield>
    <subfield code="y">AVM</subfield>
  </datafield>
  <datafield tag="952" ind1=" " ind2=" ">
    <subfield code="0">0</subfield>
    <subfield code="1">0</subfield>
    <subfield code="2">ddc</subfield>
    <subfield code="4">0</subfield>
    <subfield code="6">AVM_VON_2012_000000000000000_B102_OR_8</subfield>
    <subfield code="7">0</subfield>
    <subfield code="9">12134</subfield>
    <subfield code="a">LBB</subfield>
    <subfield code="b">LBB</subfield>
    <subfield code="c">B102</subfield>
    <subfield code="d">2015-10-24</subfield>
    <subfield code="o">AVM VON 2012 B102 Or.8</subfield>
    <subfield code="p">RUA016591</subfield>
    <subfield code="r">2015-10-24</subfield>
    <subfield code="w">2015-10-24</subfield>
    <subfield code="y">AVM</subfield>
  </datafield>
  <datafield tag="952" ind1=" " ind2=" ">
    <subfield code="0">0</subfield>
    <subfield code="1">0</subfield>
    <subfield code="2">ddc</subfield>
    <subfield code="4">0</subfield>
    <subfield code="6">AVM_VON_2012_000000000000000_B102_OR_1</subfield>
    <subfield code="7">0</subfield>
    <subfield code="9">96505</subfield>
    <subfield code="a">LBB</subfield>
    <subfield code="b">LBB</subfield>
    <subfield code="d">2023-11-20</subfield>
    <subfield code="l">4</subfield>
    <subfield code="m">2</subfield>
    <subfield code="o">AVM VON 2012 B102 Or.1</subfield>
    <subfield code="p">A05745</subfield>
    <subfield code="r">2024-10-30</subfield>
    <subfield code="s">2024-02-13</subfield>
    <subfield code="w">2023-11-20</subfield>
    <subfield code="y">AVM</subfield>
  </datafield>
</record>
